000 00819nmc a2200289 a 4500
003 AR-BaBNM
005 20251128211256.0
008 263020s2003 ||||||||||||||000 | spa||
020 _a950-518-826-9
040 _cAR-BaBNM
100 1 _aGuillotte, Alain
245 1 0 _aViolencia y educación
_bincidentes, incivilidades y autoridad en el contexto escolar
250 _a1ª ed.
260 _aBuenos Aires
_bAmorrortu Editores
_c2003
300 0 _a251 p.
490 0 _aAgenda educativa
504 _aContiene referencias bibliográficas p. 241-251
650 4 _aVIOLENCIA
650 4 _aAMBIENTE EDUCACIONAL
650 4 _aRELACIONES ENTRE PARES
650 4 _aAUTORIDAD
650 4 _aROL DEL DOCENTE
653 0 _aINSTITUCIONES EDUCATIVAS
800 1 _aLitwin, Edith
942 _cBK
998 _craquel
999 _c18960
_d18960